000 00621nam a22002177a 4500
005 20220721141530.0
008 220721b ||||| |||| 00| 0 eng d
020 _a0725700629
040 _cAl
041 _aEnglish
082 _223
_a677
_bCULT
100 _aFlorence M Cullen
_952272
245 _aTextiles for Secondary Students
260 _aAustralia
_bWilliam Brooks and Co PTY Limited
_c2017
300 _a175 p.
_bPB
_c20.2x13.5 cm.
650 _aTextile fabrics
_952273
650 _aTextile industry
_952274
650 _aTextile fibers
_952275
700 _aCULLEN (Florence M)
_952276
942 _2ddc
_cGF
999 _c224071
_d224071